| 000 | 00708nam a2200181 a 4500 | ||
|---|---|---|---|
| 003 | 0 | ||
| 005 | 20250514092311.0 | ||
| 008 | 970101s19uu xx 00 eng d | ||
| 050 |
_aPHS RA 784 _b.S23 2004 |
||
| 100 | _aSacristia, Angel Arbigale P. | ||
| 245 |
_aA Study on the effects on the behavior of students who take junk food / _cAngel Arbigale P. Sacristia. |
||
| 260 |
_aLas PiƱas City, Philippines : _bSouthville International School and Colleges, _c2004. |
||
| 300 |
_a68 pages : _bcolor illustrations ; _c28 cm. |
||
| 504 | _aIncludes bibliographical references. | ||
| 650 |
_aJunk food _xHealth aspects _zPhilippines. |
||
| 650 |
_aNutritional habits _xAdolescents _zPhilippines. |
||
| 942 |
_2lcc _cPASS |
||
| 999 |
_c97152 _d97152 |
||